01280nam a22002537a 4500003000400000005001700004007000300021008004100024020001800065040002500083082001400108245021500122260006400337300003300401500003700434590002700471700004500498910001400543942001400557952014200571952014800713952014800861999001701009OSt20220524101525.0ta110301s2019 dr ac 000 0 spa d a9789945913330 aDO-SdBNPbspacBNPHU axxxxbxxx00aMigración, derechos humanos y régimen penitenciario :bun estudio sobre la poblacion no nacional privada de libertad en el nuevo modelo de gestión penitenciaria /celaborado por José J. Castillo Javier  aSanto Domingo :bInstituto Nacional de Migración. c2019. a123 p. :bil., retr.c23 cm. aIncluye notas a pie de paginas.  aInventariado, 2022/ YL12aCastillo Javier, José J.eelab.981450 aYLockward 2ddccLBS1 00102ddc53708PDaBNPHUbBNPHUcCTd2020-07-06eMinisterio Interior y Policía l0oxxxx xxxp2022-1358r2022-04-12w2022-04-12yLBS1 00102ddc53708PDaBNPHUbBNPHUcCTd2020-07-06eMinisterio Interior y Policía l0oxxxx xxxp2022-1359r2022-04-12te. 2w2022-04-12yLBS1 00102ddc56708PDaBNPHUbBNPHUcCTd2020-07-06eMinisterio Interior y Policía l0oxxxx xxxp2022-1360r2022-04-12te. 3w2022-04-12yLBS1 c51527d51527